01484cam a22003614a 450000100090000000300040000900500170001300800410003001000170007102000280008802000350011604000180015104200080016904300300017705000250020708200220023224501470025426001310040130000270053244000310055950400660059065000210065665000190067765100300069665100420072665100420076870000260081070000290083690600450086594200500091095201450096099900170110512537593OSt20230919130523.0010918s2002 mdu b 001 0 eng  a 2001050240 a0739103385 (alk. paper) a0739103393 (pbk. : alk. paper) aDLCcDLCdDLC apcc ae------af------aa------00aD1056.2.A7bM87 200200a305.697104bALS/M00aMuslim Europe or Euro-Islam :bpolitics, culture, and citizenship in the age of globalization /cedited by Nezar AlSayyad and Manuel Castells. aLanham, Md. :bLexington Books ;aBerkeley :bCenter for Middle Eastern Studies, University of California at Berkeley,cc2002. aviii, 204 p. ;c23 cm. 0aTransnational perspectives aIncludes bibliographical references (p. [193]-195) and index. 0aMuslimszEurope. 0aIslamzEurope. 0aEuropexEthnic relations. 0aIslamic countriesxRelationszEurope. 0aEuropexRelationszIslamic countries.1 aAlSayyad, Nezar995191 aCastells, Manuel,d1942- a7bcbccorignewd1eocipf20gy-gencatlg 2ddccBKh305.697104iALS/Mk305.697104mALS/M 00102ddc40708SOCIAL SCIENCEaMESbMEScISLd2023-09-19l0o305.697104 ALS/Mp42499r2023-09-19 13:06:37v4552.80w2023-09-19yBKzGL47R1 c42287d42287